00732 2200253 4500001002100000005001500021035002000036007000300056008004100059020002200100082001300122084001900135100002600154245010400180250001000284260003100294300003500325650000900360500001400369500004600383504002500429990001200454990001200466INLIS00000000001754720241112100104 a0010-1124000012ta241112 g 0 ind  a978-623-8698-02-8 aR.551.46 aR.551.46 IND r0 aINDRA, Ambalika Syari1 aReklamasi Laut :bRehabilitasi ekosistem laut dalam perspektif pertambangan /cIndra Ambalika Syari acet.1 aBangka :bUBB Press,c2024 axvi, 96 hal. :bilus. ;c21 cm 4aLAUT aGlosarium aUUB Press Bekerjasama dengan PT Timah Tbk aBibliografi : hal.93 a12357 a a12357 a